| 000 | 03543nam a2200289Ka 4500 | ||
|---|---|---|---|
| 001 | 000001580 | ||
| 005 | 20200929145627.0 | ||
| 008 | 090623s2000 ve 001 0 spa d | ||
| 020 | _a9802763217 | ||
| 020 | _a9789802763214 | ||
| 040 |
_aDO-SdBNP _bspa _cBNPHU |
||
| 090 |
_aVE 861.44 _bL431 |
||
| 100 | 1 |
_aLazo Martí, Francisco, _d1869-1909 _95172 |
|
| 245 | 1 | 0 |
_aPoesía / _cFrancisco Lazo Martí ; selección José Ramón Medina, Carlos César Rodríguez ; prólogo y cronología Carlos César Rodríguez ; bibliografía María Beatriz Medina, Carlos César Rodríguez. |
| 260 |
_aCaracas : _bBiblioteca Ayacucho, _c2000. |
||
| 300 |
_axliii, 103 p. ; _c25 cm. |
||
| 490 | 1 |
_aBiblioteca Ayacucho ; _v219 |
|
| 500 | _aIncluye cronología biográfica del autor: p. 89-98 | ||
| 500 | _aPublicación en homenaje al centenario de Silva Criolla (1901-2001). | ||
| 504 | _aIncluye referencias bibliográficas : p. 101-104 | ||
| 505 | 0 | _aPrólogo / Carlos César Rodríguez -- Criterio de esta edición -- Silva Criolla a un bardo amigo -- Crepusculares -- En estas horas crepusculares -- Cielo azul, verde pampa, claro río -- A través del discreto claro-oscuro -- "Mira" -le dijo-, y bosquejó su dedo -- En amar un color cifras tu anhelo -- Hermanos por costumbre un tiempo fuimos -- Unos aman tus ojos por que dicen -- Ya no vienen a ti los que de hinojos -- Blanca y pulida la combada frente -- Cuando a mirarla revolví mis huellas -- Baja la gota sobre el estambre -- Queriendo alegre celebrar sus bodas -- "Nos vamos a casar", dice Maruja -- ¡Escúchame, aquí estoy! del rayo herido -- Milagro del amor, sobre los nidos -- ¡Tú sufres, mi esperanza! De tu duelo -- ¡Oh cuánta luz en los cristianos templos! -- No sabe el corazón porque palpita -- Posan de nuevo en el playón lejano -- ¡Nadie clamó piedad! rudo y violento -- Aquí, junto a las aguas del recodo -- Detrás: la margen del sagrado río -- Por ley eterna que el amor combina -- ¿Por qué te quejas de que el sol airado -- El mundo es el gran circo sin salida -- Por fuerza inmaterial que amor entraña -- En las ramas del verde limonero -- Nadie en lo firme del peñasco crea -- Rubio niño del mórbido contorno -- No hay tálamo más bello que esa rama -- Rimó de su pasión versos divinos -- Símbolo de piedad, en las quebradas -- A la mano implacable que le acosa -- Todo queda a la postre confundido -- Cuando todo es tinieblas en el cielo -- ¡Tres años han pasado! Y siempre viste -- Hay seres triste que el dolor abate -- Hay tristezas que viven en la sombra -- En luz crepuscular ya se amortaja -- Por pena impuesta a mi primer delito -- La vida es el contraste. No me asombra -- La vida inagotable de sus dones -- En vano es el ardor a que se entrega -- Tu fanal es virtud. El fanal tuyo -- Cada vez que resuelto he descendido -- ¡Tu vida, trovador, breve termina! -- OTROS POEMAS -- Vespertina -- Almas en pena -- ... | |
| 505 | 0 | _a... Visión postrera -- Cual orores maduros -- Amor sorprendido -- Flor del camino -- Consuelo -- Acuarela -- Flor de pascua -- Fidelidad -- Himno eterno -- ¡Oh noche! -- Melancolía -- Hojas de hiedra -- Crepúsculo -- Canción de las olas -- La bandera de la patria -- Veguera -- Estival -- De primavera -- Invierno -- Patria la mestiza -- Destinos : I.El Coleador -- II.El Cantador -- Cronología -- Bibliografía. | |
| 700 | 1 |
_aRodríguez, Carlos César, _epról. _95173 |
|
| 700 | 1 |
_aMedina, José Ramón. _95174 |
|
| 700 | 1 |
_aMedina, María Beatriz. _95175 |
|
| 830 | 0 |
_aBiblioteca Ayacucho ; _n219 _95176 |
|
| 999 |
_c1476 _d1476 |
||